MARC

LEADER 00000nam0a2200000 4500
001 23336
005 20231101205537.0
035 |a (RuTPU)RU\TPU\book\23554 
035 |a BOOK00023627 
090 |a 23336 
100 |a 20011209d1980 m y0rusy50 ca 
101 0 |a fre  |a rus 
102 |a RU 
105 |a y j 000zy 
200 1 |a Учебник французского языка для технических вузов радиотехнического и физико-технического профиля  |f А. В. Коржавин, Ю. А. Кудряшов, Л. Я. Седунова 
210 |a Москва  |c Высшая школа  |d 1980 
215 |a 304 с. 
606 1 |a Французский язык  |x Учебные руководства и пособия для вузов  |x Технические хрестоматии  |2 stltpush  |3 (RuTPU)RU\TPU\subj\16844  |9 42744 
610 1 |a учебные пособия 
610 1 |a лексика 
610 1 |a чтение 
610 1 |a переводы 
610 1 |a технические хрестоматии 
610 1 |a физика 
610 1 |a радиотехника 
686 |a Ш147.11-923.81  |v LBC/SL-A  |2 rubbk 
700 1 |a Коржавин  |b А. В.  |g Аркадий Васильевич 
701 1 |a Кудряшов  |b Ю. А.  |g Юрий Алексеевич 
701 1 |a Седунова  |b Л. Я.  |g Любовь Яковлевна 
801 0 |a RU  |b 63413507  |c 20011209  |g PSBO 
801 2 |a RU  |b 63413507  |c 20220201  |g PSBO 
942 |c BK